[Event "IECG QB.2007.0.00090 email"]
[Site "IECG email"]
[Date "2007.09.27"]
[Round "?"]
[White "James, Michael"]
[Black "Sanmartino, Gianluca"]
[Result "1-0"]
[WhiteElo "1772"]
[BlackElo "1888"]
[PlyCount "23"]
[EventDate "2007.09.27"]
[EventType "tourn (corr)"]
[EventRounds "6"]
[SourceTitle "Corr 2024"]
[Source "ChessBase"]
[SourceDate "2023.10.19"]
[SourceVersion "1"]
[SourceVersionDate "2023.10.19"]
[SourceQuality "1"]

1. e4 e5 2. Nf3 Nc6 3. Bb5 a6 4. Ba4 Nf6 5. 0-0 Bc5 6. d3 b5 7. Bb3 0-0 8. c3 d6 9. d4 Bb6 10. d5 Ne7 11. Nbd2 Ng6 12. a4 1-0

[Event "IECG CB.2007.0.00168 email"]
[Site "IECG email"]
[Date "2007.02.11"]
[Round "?"]
[White "Perez, Hector"]
[Black "Sanmartino, Gianluca"]
[Result "0-1"]
[WhiteElo "1814"]
[BlackElo "1870"]
[PlyCount "33"]
[EventDate "2007.02.11"]
[EventType "tourn (corr)"]
[EventRounds "6"]
[SourceTitle "Corr 2024"]
[Source "ChessBase"]
[SourceDate "2023.10.19"]
[SourceVersion "1"]
[SourceVersionDate "2023.10.19"]
[SourceQuality "1"]

1. Nf3 Nf6 2. g3 d5 3. Bg2 c6 4. 0-0 Bg4 5. b3 Nbd7 6. Bb2 e6 7. c4 Bd6 8. d3 0-0 9. Nbd2 Qe7 10. Qc2 a5 11. a3 Rfd8 12. e3 h6 13. h3 Bf5 14. Nd4 Bg6 15. e4 dxe4 16. dxe4 Bc5 17. Ne2 0-1

[Event "IECG CB.2007.0.00168 email"]
[Site "IECG email"]
[Date "2007.02.11"]
[Round "?"]
[White "Sanmartino, Gianluca"]
[Black "Mujica, Hector"]
[Result "1-0"]
[WhiteElo "1870"]
[BlackElo "1802"]
[PlyCount "97"]
[EventDate "2007.02.11"]
[EventType "tourn (corr)"]
[EventRounds "6"]
[SourceTitle "Corr 2024"]
[Source "ChessBase"]
[SourceDate "2023.10.19"]
[SourceVersion "1"]
[SourceVersionDate "2023.10.19"]
[SourceQuality "1"]

1. e4 c5 2. Nf3 d6 3. d4 cxd4 4. Nxd4 Nf6 5. Nc3 a6 6. Bg5 e6 7. f4 Nbd7 8. Qf3 Qc7 9. 0-0-0 b5 10. Bd3 Bb7 11. Rhe1 0-0-0 12. f5 e5 13. Nb3 Be7 14. a4 b4 15. Bxf6 Nxf6 16. Nd5 Nxd5 17. exd5 a5 18. Bb5 Kb8 19. Nd2 Bh4 20. Re2 Bg5 21. Kb1 Rc8 22. Ne4 f6 23. Nxg5 fxg5 24. Qe4 Qb6 25. Re3 Rc7 26. Rg3 h6 27. Re3 Rhc8 28. Re2 Rc5 29. g3 Qc7 30. Rf2 Qf7 31. Rfd2 h5 32. h3 Qc7 33. g4 Ba8 34. gxh5 Bb7 35. Rf1 b3 36. c4 Rh8 37. Rd3 Rxh5 38. Rg1 Rh4 39. Rg4 Rh5 40. Rxb3 Ka7 41. Ka2 Bc8 42. Bc6 Ba6 43. Qe3 Rh4 44. Bb5 Rh5 45. Ka3 Bb7 46. Rxg5 Rxg5 47. Qxg5 Ba6 48. Qg1 Bxb5 49. Rxb5 1-0

[Event "IECG QB.2007.0.00085 email"]
[Site "IECG email"]
[Date "2007.01.19"]
[Round "?"]
[White "Sanmartino, Gianluca"]
[Black "Cuomo, Salvatore"]
[Result "1-0"]
[WhiteElo "1856"]
[BlackElo "1813"]
[PlyCount "51"]
[EventDate "2007.01.19"]
[EventType "tourn (corr)"]
[EventRounds "6"]
[SourceTitle "Corr 2008"]
[Source "ChessBase"]
[SourceDate "2008.06.24"]
[SourceVersion "1"]
[SourceVersionDate "2008.06.24"]
[SourceQuality "1"]

1. e4 e6 2. d4 d5 3. Nc3 Nf6 4. e5 Nfd7 5. f4 c5 6. Nf3 Nc6 7. Be3 cxd4 8. Nxd4 Bc5 9. Qd2 0-0 10. 0-0-0 a6 11. Qf2 Bxd4 12. Bxd4 b5 13. Be3 b4 14. Na4 a5 15. h4 Ba6 16. Bxa6 Rxa6 17. h5 h6 18. g4 Ne7 19. Nc5 Nxc5 20. Bxc5 Re8 21. Rhf1 Qc7 22. f5 Nc8 23. f6 Qxe5 24. Rde1 Qc7 25. g5 Rc6 26. g6 1-0

[Event "IECG CP.2005.Q.00004 email"]
[Site "IECG email"]
[Date "2007.01.15"]
[Round "?"]
[White "Bendig, Frank"]
[Black "Sanmartino, Gianluca"]
[Result "1-0"]
[WhiteElo "2351"]
[BlackElo "1870"]
[PlyCount "123"]
[EventDate "2007.01.15"]
[EventType "tourn (corr)"]
[EventRounds "6"]
[SourceTitle "Corr 2024"]
[Source "ChessBase"]
[SourceDate "2023.10.19"]
[SourceVersion "1"]
[SourceVersionDate "2023.10.19"]
[SourceQuality "1"]

1. Nf3 Nf6 2. g3 g6 3. Bg2 Bg7 4. 0-0 0-0 5. c4 d6 6. d4 Nbd7 7. Nc3 c5 8. b3 Rb8 9. Bb2 a6 10. dxc5 Nxc5 11. Nd5 Re8 12. Nxf6+ exf6 13. Rc1 Qb6 14. e3 Bg4 15. h3 Bf5 16. Nd4 Bd3 17. Re1 f5 18. Qd2 Be4 19. f3 Bc6 20. Bc3 Qc7 21. Kh2 Ne6 22. Nxc6 bxc6 23. Ba5 Qd7 24. Red1 Nc5 25. Qxd6 Qxd6 26. Rxd6 Nb7 27. Rxc6 Nxa5 28. Rxa6 Nb7 29. c5 Rbc8 30. b4 Rxe3 31. f4 Re2 32. Kh1 Nd8 33. a4 Ne6 34. a5 g5 35. Rc6 Rxc6 36. Bxc6 gxf4 37. gxf4 Nxf4 38. Bb5 Re3 39. Bf1 Bb2 40. Rb1 Bd4 41. Rd1 Ne6 42. c6 Rc3 43. b5 Bf2 44. Bg2 Kf8 45. Rb1 Ke7 46. b6 Nc5 47. Rf1 Bg3 48. Rxf5 Rc1+ 49. Rf1 Rc3 50. Bd5 f6 51. Kg2 Na6 52. Be4 Be5 53. Rd1 f5 54. Bf3 Nb4 55. b7 Rc2+ 56. Kh1 Na6 57. Re1 Kf6 58. Be2 Nb8 59. a6 Bd4 60. Bb5 Ba7 61. Re8 Rc1+ 62. Kg2 1-0

[Event "IECC Swiss-506.3"]
[Site "IECC email"]
[Date "2006.10.15"]
[Round "?"]
[White "Stigter, John"]
[Black "Sanmartino, Gianluca"]
[Result "1-0"]
[WhiteElo "1963"]
[BlackElo "1835"]
[PlyCount "77"]
[EventDate "2006.??.??"]
[EventType "swiss (corr)"]
[EventRounds "1"]
[SourceTitle "Corr 2008"]
[Source "ChessBase"]
[SourceDate "2008.06.24"]
[SourceVersion "1"]
[SourceVersionDate "2008.06.24"]
[SourceQuality "1"]

1. Nf3 Nf6 2. g3 d5 3. Bg2 c6 4. 0-0 Bg4 5. d3 Nbd7 6. Nbd2 e5 7. e4 Bd6 8. h3 Bh5 9. exd5 cxd5 10. c4 0-0 11. cxd5 Nxd5 12. Qb3 N5f6 13. Nc4 Rc8 14. Nxd6 Nc5 15. Qa3 Qxd6 16. Be3 Rfd8 17. Rac1 Bxf3 18. Bxf3 b6 19. Qxa7 Nxd3 20. Rxc8 Rxc8 21. Qa6 Rd8 22. Qxb6 Qxb6 23. Bxb6 Rb8 24. Be3 e4 25. Bg2 Rxb2 26. Ra1 Rb8 27. a4 Ra8 28. a5 Nb4 29. Ra4 Nbd5 30. Bd4 Nc7 31. Bxf6 gxf6 32. Bxe4 Ra7 33. Kg2 Ne6 34. Ra2 Nc5 35. Bd5 Kf8 36. Bc4 Ke7 37. Kf3 Ne6 38. Kg4 Kf8 39. a6 1-0

[Event "P-4048"]
[Site "IECC email"]
[Date "2005.12.11"]
[Round "?"]
[White "Sanmartino, Gianluca"]
[Black "Lewis, Matt"]
[Result "1-0"]
[WhiteElo "1782"]
[BlackElo "2036"]
[PlyCount "69"]
[EventDate "2005.??.??"]
[EventType "tourn (corr)"]
[SourceTitle "Corr 2020"]
[Source "ChessBase"]
[SourceDate "2019.09.30"]
[SourceVersion "1"]
[SourceVersionDate "2019.09.30"]
[SourceQuality "1"]
[WhiteTeam "Italy"]
[BlackTeam "United States"]
[WhiteTeamCountry "ITA"]
[BlackTeamCountry "USA"]

1. e4 d6 2. d4 Nf6 3. Nc3 g6 4. f4 Bg7 5. Nf3 0-0 6. Bd3 Nc6 7. e5 dxe5 8. fxe5 Nh5 9. Be3 Bg4 10. Bc4 Na5 11. Be2 c5 12. d5 Bxf3 13. Bxf3 Nc4 14. Qe2 Nxe5 15. Bxh5 gxh5 16. 0-0-0 Qb6 17. Rhf1 e6 18. Bg5 Rae8 19. d6 f6 20. Bf4 Nd7 21. Qxh5 f5 22. Rf3 Qb4 23. a3 Qc4 24. b3 Nf6 25. Qg5 Qxc3 26. Rxc3 Ne4 27. Rxc5 Nxg5 28. Bxg5 h6 29. Be7 Rf7 30. d7 Rfxe7 31. Rc8 Kf8 32. Rxe8+ Rxe8 33. d8Q Rxd8 34. Rxd8+ Ke7 35. Rb8 1-0

[Event "CFriend SI-2004-0-00036 email"]
[Site "Chessfriend.com"]
[Date "2005.07.19"]
[Round "?"]
[White "Amann, Klaus"]
[Black "Sanmartino, Gianluca"]
[Result "1-0"]
[WhiteElo "1879"]
[BlackElo "1808"]
[PlyCount "113"]
[EventDate "2005.07.19"]
[EventType "tourn (corr)"]
[EventRounds "6"]
[SourceTitle "Corr 2008"]
[Source "ChessBase"]
[SourceDate "2008.06.24"]
[SourceVersion "1"]
[SourceVersionDate "2008.06.24"]
[SourceQuality "1"]

1. e4 c6 2. d4 Nf6 3. Bd3 d6 4. Ne2 g6 5. 0-0 e5 6. Bg5 Bg7 7. f4 Nbd7 8. fxe5 dxe5 9. c3 0-0 10. Nd2 c5 11. d5 h6 12. Bh4 Nb6 13. Nc1 Qd6 14. Qf3 Ne8 15. Qe3 Qc7 16. a4 f5 17. a5 f4 18. Qe2 Nd7 19. Be7 Rf7 20. d6 Nxd6 21. Bxd6 Qxd6 22. Bc4 b5 23. axb6 Nxb6 24. Bxf7+ Kxf7 25. Ncb3 Be6 26. Ra5 Nd7 27. Nc4 Qc7 28. Rfa1 Kg8 29. Nbd2 Bf7 30. Qd3 Bf8 31. Nf3 Be7 32. b3 g5 33. Nfd2 g4 34. Qe2 h5 35. Ra6 Nb8 36. Nb6 Nxa6 37. Nxa8 Qd8 38. Rxa6 Qxa8 39. Qb5 Qd8 40. Nf1 Qc7 41. Rc6 Qd8 42. Qb7 Bf8 43. Rc8 Qf6 44. Qxa7 Bxb3 45. Qc7 Qg7 46. Qxc5 Be6 47. Rd8 h4 48. Qc6 Qe7 49. Kh1 Kf7 50. Rb8 Qd6 51. Qe8+ Kg7 52. Nd2 Qa3 53. Nb3 Qd6 54. Rb7+ Kf6 55. Nd2 Qa3 56. Qd8+ Be7 57. Qh8+ 1-0

[Event "CFriend SI-2004-0-00036 email"]
[Site "Chessfriend.com"]
[Date "2005.07.19"]
[Round "1"]
[White "Newton, Hobart E"]
[Black "Sanmartino, Gianluca"]
[Result "1-0"]
[WhiteElo "1809"]
[BlackElo "1808"]
[PlyCount "119"]
[EventDate "2005.07.19"]
[EventType "tourn (corr)"]
[EventRounds "6"]
[SourceTitle "Corr 2008"]
[Source "ChessBase"]
[SourceDate "2008.06.24"]
[SourceVersion "1"]
[SourceVersionDate "2008.06.24"]
[SourceQuality "1"]

1. e4 d6 2. d4 Nf6 3. Nc3 g6 4. Nf3 Bg7 5. Be2 0-0 6. 0-0 c6 7. Bg5 Nbd7 8. Qd2 e5 9. dxe5 dxe5 10. Rfd1 Qe7 11. Qd6 Qxd6 12. Rxd6 h6 13. Be3 Ng4 14. Bc1 Ngf6 15. Nh4 Nc5 16. f3 Ne6 17. Bc4 Ne8 18. Rd1 b5 19. Bb3 Bf6 20. g3 Kg7 21. Ne2 Bxh4 22. gxh4 a5 23. a4 b4 24. Be3 f5 25. exf5 Rxf5 26. Kg2 N8c7 27. Rd6 c5 28. Ng3 Rf8 29. Rad1 Ra6 30. Rxa6 Nxa6 31. Bxe6 Bxe6 32. Rd6 Nc7 33. Ne4 c4 34. h5 Nd5 35. Bd2 Re8 36. Nc5 Bf7 37. hxg6 Bg8 38. Kg3 c3 39. bxc3 bxc3 40. Be1 Ne3 41. Kf2 Nc4 42. Ra6 Rc8 43. Nd7 Bd5 44. Bxc3 Rc6 45. Ra7 Kxg6 46. Bxe5 Kf5 47. Bd4 Rd6 48. c3 Re6 49. Nc5 Rb6 50. Rd7 Rd6 51. Rh7 Nd2 52. Rh8 Nxf3 53. Rf8+ Kg4 54. h3+ Kxh3 55. Rxf3+ Bxf3 56. Kxf3 Rc6 57. Ne4 Rc7 58. Be5 Rc4 59. Nf2+ Kh4 60. Bf6+ 1-0

[Event "CFriend SI-2004-0-00036 email"]
[Site "Chessfriend.com"]
[Date "2005.07.19"]
[Round "1"]
[White "Sanmartino, Gianluca"]
[Black "Prieto, Carlos"]
[Result "1/2-1/2"]
[WhiteElo "1808"]
[BlackElo "1897"]
[PlyCount "41"]
[EventDate "2005.07.19"]
[EventType "tourn (corr)"]
[EventRounds "6"]
[SourceTitle "Corr 2008"]
[Source "ChessBase"]
[SourceDate "2008.06.24"]
[SourceVersion "1"]
[SourceVersionDate "2008.06.24"]
[SourceQuality "1"]

1. e4 c5 2. Nf3 d6 3. d4 cxd4 4. Nxd4 Nf6 5. Nc3 a6 6. f4 e5 7. Nf3 Nbd7 8. Bc4 Be7 9. 0-0 0-0 10. a4 Qb6+ 11. Kh1 exf4 12. a5 Qc7 13. Bd5 Ne5 14. Bxf4 Nc6 15. Qe2 Bg4 16. Qc4 Rac8 17. h3 Bxf3 18. Rxf3 Ne5 19. Bxe5 Qxc4 20. Bxc4 dxe5 21. Bb3 1/2-1/2

[Event "CFriend SI-2004-0-00036 email"]
[Site "Chessfriend.com"]
[Date "2005.07.19"]
[Round "1"]
[White "Sanmartino, Gianluca"]
[Black "Schwarte, Joachim"]
[Result "0-1"]
[WhiteElo "1808"]
[BlackElo "1763"]
[PlyCount "96"]
[EventDate "2005.07.19"]
[EventType "tourn (corr)"]
[EventRounds "6"]
[SourceTitle "Corr 2008"]
[Source "ChessBase"]
[SourceDate "2008.06.24"]
[SourceVersion "1"]
[SourceVersionDate "2008.06.24"]
[SourceQuality "1"]

1. e4 c5 2. Nf3 d6 3. d4 cxd4 4. Nxd4 Nf6 5. Nc3 a6 6. Bg5 e6 7. f4 h6 8. Bh4 Qb6 9. a3 Be7 10. Bf2 Qa5 11. Bd3 Nc6 12. Nb3 Qc7 13. 0-0 0-0 14. Qf3 b5 15. Rad1 b4 16. axb4 Nxb4 17. Rfe1 e5 18. f5 Nxd3 19. Rxd3 a5 20. Nd2 Ba6 21. Rde3 a4 22. b3 axb3 23. Nxb3 Rfc8 24. Kh1 Bb7 25. Rb1 d5 26. exd5 Bb4 27. Be1 Qd7 28. Rxe5 Bxc3 29. Bxc3 Bxd5 30. Qg3 Nh5 31. Qe3 f6 32. Re7 Qxf5 33. Nd4 Qg4 34. Qe2 Qg6 35. Bd2 Ra4 36. Nf3 Qxc2 37. Qb5 Bc6 38. Qb6 Bxf3 39. gxf3 Kh7 40. Qb7 Rca8 41. Re2 Ra1 42. Rg1 R8a2 43. Qb4 f5 44. Rxa1 Rxa1+ 45. Kg2 Qd3 46. Rf2 Qa6 47. Qc5 Qg6+ 48. Kh3 Rg1 0-1

[Event "CFriend SI-2004-0-00036 email"]
[Site "Chessfriend.com"]
[Date "2005.07.19"]
[Round "1"]
[White "Sherwood, Russell"]
[Black "Sanmartino, Gianluca"]
[Result "0-1"]
[WhiteElo "1748"]
[BlackElo "1808"]
[PlyCount "110"]
[EventDate "2005.07.19"]
[EventType "tourn (corr)"]
[EventRounds "6"]
[SourceTitle "Corr 2008"]
[Source "ChessBase"]
[SourceDate "2008.06.24"]
[SourceVersion "1"]
[SourceVersionDate "2008.06.24"]
[SourceQuality "1"]

1. e4 d6 2. d4 Nf6 3. Nc3 g6 4. f3 c6 5. Be3 Bg7 6. Qd2 b5 7. g4 Qa5 8. Nge2 h5 9. g5 Nfd7 10. Bg2 Nb6 11. b3 b4 12. Nb1 c5 13. 0-0 Ba6 14. c4 bxc3 15. Nbxc3 Bxe2 16. Nxe2 Qxd2 17. Bxd2 cxd4 18. Rad1 Na6 19. f4 e5 20. Rc1 0-0 21. fxe5 dxe5 22. Bh3 Rfd8 23. Rc6 Bf8 24. Rcf6 Nc5 25. Bg2 Rd7 26. R6f2 Rad8 27. Nc1 h4 28. a4 Nc8 29. b4 Nxa4 30. Nd3 Bd6 31. Rc1 Rc7 32. Rxc7 Bxc7 33. Be1 Nc3 34. Rc2 Nd6 35. Bxc3 dxc3 36. Rxc3 Nb5 37. Rb3 Nd4 38. Ra3 Ne6 39. Kf2 Bb6+ 40. Kf3 h3 41. Bxh3 Nxg5+ 42. Kg4 Rd4 43. Bg2 Nxe4 44. Kf3 Ng5+ 45. Ke2 e4 46. Ne5 Rxb4 47. Ra2 Ne6 48. Nc6 Nf4+ 49. Kd1 Rb1+ 50. Kc2 Re1 51. Kb3 e3 52. Bf3 Rf1 53. Bg4 Rf2 54. h4 Rxa2 55. Kxa2 e2 0-1

[Event "P-3770"]
[Site "IECC email"]
[Date "2004.09.23"]
[Round "?"]
[White "Rattay, Walter"]
[Black "Sanmartino, Gianluca"]
[Result "1/2-1/2"]
[WhiteElo "1475"]
[BlackElo "1758"]
[PlyCount "90"]
[EventDate "2004.??.??"]
[EventType "tourn (corr)"]
[SourceTitle "Corr 2020"]
[Source "ChessBase"]
[SourceDate "2019.09.30"]
[SourceVersion "1"]
[SourceVersionDate "2019.09.30"]
[SourceQuality "1"]
[WhiteTeam "Canada"]
[BlackTeam "Italy"]
[WhiteTeamCountry "CAN"]
[BlackTeamCountry "ITA"]

1. d4 Nf6 2. c4 g6 3. Nc3 Bg7 4. e4 d6 5. f3 0-0 6. Be3 e5 7. d5 Nh5 8. Qd2 f5 9. 0-0-0 Nd7 10. Bd3 Ndf6 11. Nge2 f4 12. Bf2 Nd7 13. Bc2 a6 14. Nb1 Qe7 15. Qc3 Rb8 16. Qe1 Qg5 17. Rg1 Qe7 18. Nd2 c5 19. dxc6 bxc6 20. Nb3 Ndf6 21. Qd2 Rd8 22. g4 fxg3 23. hxg3 Bf8 24. g4 Ng7 25. g5 Nfh5 26. c5 Ne6 27. cxd6 Rxd6 28. Qxd6 Qxd6 29. Rxd6 Bxd6 30. Na5 c5 31. Bb3 Kg7 32. Nc4 Bc7 33. Nd2 Nd4 34. Bc4 Rb4 35. Bd3 Be6 36. b3 a5 37. Kb2 a4 38. Rc1 Bd6 39. Bxd4 exd4 40. Bc4 Bd7 41. Bd3 Rb8 42. e5 Bxe5 43. Rxc5 Nf4 44. Nxf4 Bxf4 45. Ne4 axb3 1/2-1/2

[Event "CFriend SI-2004-0-00025 email"]
[Site "Chessfriend.com"]
[Date "2004.09.04"]
[Round "1"]
[White "Sanmartino, Gianluca"]
[Black "Bouma, Jan"]
[Result "1/2-1/2"]
[WhiteElo "1808"]
[BlackElo "1820"]
[PlyCount "37"]
[EventDate "2004.??.??"]
[EventType "tourn (corr)"]
[EventRounds "6"]
[SourceTitle "Corr 2008"]
[Source "ChessBase"]
[SourceDate "2008.06.24"]
[SourceVersion "1"]
[SourceVersionDate "2008.06.24"]
[SourceQuality "1"]

1. e4 e5 2. Nf3 Nc6 3. Bc4 Bc5 4. c3 Nf6 5. d4 exd4 6. cxd4 Bb4+ 7. Nc3 Nxe4 8. 0-0 Bxc3 9. d5 Ne5 10. bxc3 Nxc4 11. Qd4 0-0 12. Qxe4 b5 13. a4 Ba6 14. Re1 Re8 15. Qxe8+ Qxe8 16. Rxe8+ Rxe8 17. axb5 Bxb5 18. Rxa7 c6 19. Rb7 1/2-1/2